| 000 | 00895nam a22002411u 4500 | ||
|---|---|---|---|
| 001 | 05328 | ||
| 003 | HDC | ||
| 007 | cr bn ---aaaaa | ||
| 008 | 210119p2013 | d 00 engg | ||
| 040 | _aHDC | ||
| 245 | 0 |
_aSelecting Halal Food : A Comparative Study Of The Muslim And Non Muslim Malaysian Student Consumer / by _cNur Aniza Quantaniah , Noreina , Nurul Syakinah |
|
| 260 |
_a[no place] : _b[publisher not identified], _c2013 |
||
| 300 | _a 1 online resource (16 pages) | ||
| 336 |
_atext _2rdacontent |
||
| 337 |
_acomputer _2rdamedia |
||
| 338 |
_aonline resource _2rdacarrier |
||
| 650 |
_aHalal food _950 |
||
| 650 |
_amuslim consumer _9584 |
||
| 856 | _zRequest full-text at [email protected] | ||
| 942 | _2lcc | ||
| 942 | _cCONP | ||
| 942 | _kJART 001355 | ||
| 999 |
_c2652 _d2652 |
||